000 00393nam a22001577a 4500
003 MPLRDC
005 20220104142844.0
008 210129b ||||| |||| 00| 0 eng d
082 _a496.5 XMZL
100 _a夏目志郎
245 _a冠军推销员
_c刘淑卿译
260 _a
_b现代工商出版社
_c
300 _b
650 _a推销策略; 贩卖术
942 _cBK
_o496.5 XMZL
999 _c34265
_d34255